000
00235 a2200097 4500
001
34162
090
_c
22641
_d
22641
100
_a
Suresh Subra
245
_a
Fundamentals of metal-matrix composites
260
_a
Boston
_b
Butterworth-Heinemann
_c
1993
942
_a
NUST-CAE
999
_c
269235
_d
269235